000 00888nam a2200277Ia 4500
001 Para_5735
003 CHAP
008 220125s1962 xx 000 0 und d
010 _a204165
040 _cCHAP
090 _aPA TESIS 69
100 _aCastro Franco, Jesús
_920359
245 _aObservaciones sobre la variación asexual en Phytophthora infestans( Mont) de Bary /
_c por Jesús Castro Franco
260 _aChapingo, Méx. :
_b el autor
300 _a37 h.
502 _aTesis (Ing. Agr. Esp. en Parasitología Agrícola) ENA. Departamento Parasitología Agrícola
650 _aPhytophthora infestans
_987925
710 _aENA. Departamento Parasitología Agrícola
_9164684
901 _aPA TESIS 69
902 _aA
905 _a0000001962 A 0000000000 00
910 _a1962
942 _cPARA
942 _cPARA
_d1
999 _c204165
_d204165